000 00731cam a22002534a 4500
999 _c12757
_d12757
001 YPZ12089
003 YPZ
005 20260326101823.0
008 260326s1995 ag grb 001 0 spa d
020 _a9879064089
040 _cSIUNPA
_aSIUNPA
_bspa
_eAACR2
041 _aspa
044 _aag
080 _a355.48 G643m
100 _aGonzález, Marcela
_eautora
_daut
245 _aLas milicias, origen y organización durante la colonia
_c/ Marcela González
260 _aCórdoba
_b: Centro de Estudios Históricos
_c, 1995
300 _a80 p.
490 _a(Cuaderno / Centro de Estudios Históricos ;
_v10)
650 _aHISTORIA MILITAR
650 _aEJERCITO
651 0 _954
_aCORDOBA (ARGENTINA)
942 _cBK
_2udc